000
00319nam a2200121Ia 4500
008
190216s9999||||xx |||||||||||||| ||und||
100
_a
Francis Cherunilam
245
0
_a
Business Policy And Strategic Management Text And Cases
260
_b
Himalaya Publishing House
300
_a
341
650
_a
Commerce
942
_c
BK
999
_c
7379
_d
7379